000 00909nam a2200289Ia 4500
003 OSt
005 20221007123731.0
006 a|||||r|||| 00| 0
007 ta
008 221006b |||||||| |||| 00| 0 eng d
020 _a1898563381 (pbk)
024 _a9954
037 _bDhanraj,
_cTextual
040 _aCDL
_cCDL
_beng
041 _2eng
_aeng
082 _aE1, N8 Carc
100 _aBarrett Jack
_9717728
245 0 _aFundamentals of inorganic chemistry: An introductory text for degree course studies
_b Malati Mounir A
260 _aChichester
_bHorwood Publishing
_c1998
300 _ax, 304p. ill.
_ccm.
500 _aAppendix 286-289p; Index 301-304p.
650 _a Inorganic
_9717729
650 _aChemistry
700 _a Malati Mounir A
_9717730
942 _hE1, N8 Carc
_cTEXL
_2CC
999 _c1212411
_d1212411